LEADER 01497nam a2200313 a 4500 001 000000124813 003 CaOOAMICUS 005 20110325102445.0 008 110325s1966 it fc u000 u ita r 040 $aPUL$bita 082 04$a858 100 1 $aPapini, Giovanni,$d1881-1956.$0(OLS)http://pul/name/5962 245 10$aScritti postumi /$cdi Giovanni Papini. 260 $aMilano :$bArnoldo Mondadori,$c1966. 300 $a2 v. :$britr. ;$c20 cm +$ep. di tav. 490 1 $aTutte le opere di Giovanni Papini ;$v10 490 1 $aClassici contemporanei italiani 504 $aBibliografia in nota. 505 0 $aV. 1. Giudizio universale. -- v. 2. Pagine di diario e di appunti. 800 1 $aPapini, Giovanni,$d1881-1956.$tOpera omnia ;$v10.$0(OLS)http://pul/nameTitle/1398$0(OLS)http://pul/name/5962$0(OLS)http://pul/title/2415 830 0$aClassici contemporanei italiani.$0(OLS)http://pul/title/27147 850 $aPUL 852 $aPUL$W1$xDP2 Cons. Gen., Altre Classi 3$y97$m858 PAPGI 1.10.1$j143725$bv. 1$qDDC 21$B142737$CPULBib$Z2$F142737 $H115872 $81 852 $aPUL$W1$xDP2 Cons. Gen., Altre Classi 3$y97$m858 PAPGI 1.10.2$j143726$bv. 2$qDDC 21$B142738$CPULBib$Z2$F142738 $H115873 $81 941 1 $a9 996 $6082$a858$9(OLS)http://pul/classification/1926 996 $6245$aScritti postumi$9(OLS)http://pul/title/107254 996 $6260$aMilano :$bArnoldo Mondadori$9(OLS)http://pul/publisher/60431 LEADER 01307nam a2200277 u 4500 001 000000086167 003 CaOOAMICUS 005 20070226124252.0 008 050926s1928 it u000 u ita u 035 $a11060026 040 $aPUL(R)$bita 041 1 $aita$alat$aspa 100 0 $aIgnatius Loyola,$cs.,$d1491-1556.$0(OLS)http://pul/name/15097 245 14$aGli esercizi spirituali /$cS. Ignazio di Loyola ; versione italiana completa con introduzione e note di Pio Bondioli e con il testo spagnolo e latino a fronte ; prefazione del P. Giuseppe Filograssi. del P. Luigi Ambruzzi. 260 $aMilano :$bVita e pensiero,$cstampa 1929. 300 $alii, 351 p. ;$c20 cm 500 $aBibliografia in nota. 650 4$aEsercizi spirituali.$0(OLS)http://pul/subject/14297 700 1 $aFilograssi, Giuseppe,$cS.I.,$d1875-$0(OLS)http://pul/name/38277 700 1 $aBondioli, Pio,$dn. 1890.$0(OLS)http://pul/name/326 850 $aPUL 852 $aPUL$W1$xDP1 Fondo Cecchetti$y53$m286 C 35$j109412$nBK-PRI$b $qFondi$B109412$CPULBib$Z2$F109412 $HPUL8905 $81 900 $aIgnazio di Loyola,$cs.,$d1491-1556$915097 941 1 $a1 996 $6245$aGli esercizi spirituali$9(OLS)http://pul/title/70357 996 $6260$aMilano :$bVita e pensiero$9(OLS)http://pul/publisher/48016